Досужие мысли досужего человека; Как мы писали роман: пер. с англ.

Bibliografiske detaljer
Hovedforfatter: Джером Дж. К. Джером Клапка (Капка)
Andre forfattere: Зверев А. М. (автор предисловия), Маркевич А. Б. (иллюстратор)
Sprog:russisk
Udgivet: Москва, Правда, 1983
Fag:
Format: MixedMaterials Bog
KOHA link:https://koha.lib.tpu.ru/cgi-bin/koha/opac-detail.pl?biblionumber=113059

MARC

LEADER 00000nam0a2200000 4500
001 113059
005 20231101215112.0
020 |a RU  |b 83-61273 
035 |a (RuTPU)RU\TPU\book\122283 
090 |a 113059 
100 |a 20070405d1983 m y0rusy5003 ca 
101 1 |a rus  |c eng 
102 |a RU 
105 |a a z 000ay 
200 1 |a Досужие мысли досужего человека; Как мы писали роман  |e пер. с англ.  |f Д. К. Джером  |g авт. предисл., сост. А. М. Зверев; худож. А. Б. Маркевич 
210 |a Москва  |c Правда  |d 1983 
215 |a 384 с.  |c ил. 
606 1 |a Английская литература  |2 stltpush  |3 (RuTPU)RU\TPU\subj\29042  |9 52454 
610 1 |a художественная литература 
610 1 |a романы 
675 |a 82  |z rus 
700 1 |a Джером  |b Дж. К.  |c английский писатель  |f 1859-1927  |g Джером Клапка (Капка)  |2 stltpush  |3 (RuTPU)RU\TPU\pers\35781  |9 18938 
702 1 |a Зверев  |b А. М.  |4 080 
702 1 |a Маркевич  |b А. Б.  |4 440 
801 0 |a RU  |b RuMRKP  |c 19950704  |g psbo 
801 1 |a RU  |b 63413507  |c 20070405  |g PSBO 
801 2 |a RU  |b 63413507  |c 20210114  |g PSBO 
942 |c BK